000
00275nam a2200109Ia 4500
005
20251222114408.0
008
251222s1900||||xx |||||||||||||| ||spa||
082
_a
DVD0099/L99/2002
245
0
_a
PirĂ¡mides perdidas de Caral.
264
_b
Barret, Matthew. BBC.
942
_c
DVD
999
_c
1927
_d
1927